[Event "EYCC 2024 - G14"]
[Site "?"]
[Date "2024.08.29"]
[Round "7.11"]
[White "Huseynova, Dinara"]
[Black "Zengin, Ovgu"]
[Result "1-0"]
[BlackElo "1703"]
[WhiteElo "1923"]
[LiveChessVersion "1.4.8"]

1. d4 {[%clk 1:30:41]} d5 {[%clk 1:30:50]} 2. e3 {[%clk 1:31:05]} Nf6
{[%clk 1:31:06]} 3. Bd3 {[%clk 1:31:29]} e6 {[%clk 1:30:25]} 4. Nd2
{[%clk 1:31:53]} b6 {[%clk 1:26:03]} 5. f4 {[%clk 1:32:12]} Bd6 {[%clk 1:24:21]}
6. Nh3 {[%clk 1:31:16]} c5 {[%clk 1:22:02]} 7. c3 {[%clk 1:31:39]} O-O
{[%clk 1:20:16]} 8. O-O {[%clk 1:31:27]} Ba6 {[%clk 1:15:56]} 9. Bxa6
{[%clk 1:30:40]} Nxa6 {[%clk 1:16:22]} 10. Qf3 {[%clk 1:30:25]} Qc7
{[%clk 0:53:32]} 11. g3 {[%clk 1:25:55]} Qc6 {[%clk 0:48:21]} 12. Nf2
{[%clk 1:22:12]} Nd7 {[%clk 0:38:31]} 13. Nd3 {[%clk 1:09:16]} f5
{[%clk 0:38:10]} 14. Ne5 {[%clk 1:09:29]} Bxe5 {[%clk 0:30:58]} 15. fxe5
{[%clk 1:09:46]} Nc7 {[%clk 0:26:13]} 16. Qh5 {[%clk 1:07:40]} Rf7
{[%clk 0:14:31]} 17. Nf3 {[%clk 1:07:14]} h6 {[%clk 0:14:25]} 18. Nh4
{[%clk 1:05:43]} Nf8 {[%clk 0:09:49]} 19. g4 {[%clk 1:01:34]} g5 {[%clk 0:05:40]}
20. Ng2 {[%clk 1:01:55]} Kg7 {[%clk 0:05:25]} 21. h4 {[%clk 1:01:58]} Nh7
{[%clk 0:04:39]} 22. hxg5 {[%clk 0:53:47]} hxg5 {[%clk 0:04:50]} 23. e4
{[%clk 0:53:43]} f4 {[%clk 0:03:35]} 24. Nxf4 {[%clk 0:53:03]} gxf4
{[%clk 0:03:25]} 25. Bxf4 {[%clk 0:53:30]} Rxf4 {[%clk 0:01:39]} 26. Rxf4
{[%clk 0:53:56]} Qe8 {[%clk 0:01:56]} 27. Raf1 {[%clk 0:52:17]} Qxh5
{[%clk 0:01:47]} 28. gxh5 {[%clk 0:52:46]} Ng5 {[%clk 0:02:14]} 29. Rf6
{[%clk 0:49:42]} Nxe4 {[%clk 0:02:15]} 30. Rf7+ {[%clk 0:49:39]} Kh6
{[%clk 0:02:29]} 31. Rxc7 {[%clk 0:50:02]} Rg8+ {[%clk 0:02:27]} 32. Kh2
{[%clk 0:50:20]} Rg5 {[%clk 0:02:21]} 33. Rf3 {[%clk 0:50:33]} cxd4
{[%clk 0:01:58]} 34. cxd4 {[%clk 0:50:46]} Nd2 {[%clk 0:02:00]} 35. Rf6+
{[%clk 0:50:54]} Kxh5 {[%clk 0:02:18]} 36. Rh7+ {[%clk 0:51:17]} Kg4
{[%clk 0:02:37]} 37. Kg2 {[%clk 0:50:01]} Ne4 {[%clk 0:01:24]} 38. Rff7
{[%clk 0:49:30]} a5 {[%clk 0:01:18]} 39. Kf1 {[%clk 0:46:22]} Ng3+
{[%clk 0:01:35]} 40. Ke1 {[%clk 0:44:59]} Nf5 {[%clk 0:01:57]} 41. Kd2
{[%clk 0:44:59]} Nxd4 {[%clk 0:01:09]} 42. Rhg7 {[%clk 0:43:40]} Nf3+
{[%clk 0:01:30]} 43. Ke2 {[%clk 0:42:59]} Nxe5 {[%clk 0:01:38]} 44. Rxg5+
{[%clk 0:43:24]} Kxg5 {[%clk 0:02:00]} 45. Rb7 {[%clk 0:43:49]} d4
{[%clk 0:01:45]} 46. Rxb6 {[%clk 0:43:41]} d3+ {[%clk 0:01:48]} 47. Kd1
{[%clk 0:44:02]} Kf5 {[%clk 0:01:22]} 48. b4 {[%clk 0:43:17]} Nc4
{[%clk 0:01:24]} 49. bxa5 {[%clk 0:43:08]} e5 {[%clk 0:01:35]} 50. Rb5
{[%clk 0:43:23]} Nd6 {[%clk 0:01:16]} 51. Rd5 {[%clk 0:42:31]} Nc4
{[%clk 0:01:35]} 52. Rxd3 {[%clk 0:42:47]} Nxa5 {[%clk 0:01:21]} 53. Rd5
{[%clk 0:42:42]} Nc4 {[%clk 0:01:43]} 54. Rc5 {[%clk 0:43:01]} Nb6
{[%clk 0:01:54]} 55. Rb5 {[%clk 0:43:06]} Nc4 {[%clk 0:02:07]} 56. Ke2
{[%clk 0:42:58]} Ke4 {[%clk 0:02:02]} 57. a4 {[%clk 0:43:18]} Nd6
{[%clk 0:02:17]} 58. Rb6 {[%clk 0:42:22]} Kd5 {[%clk 0:02:30]} 59. a5
{[%clk 0:42:36]} Nc4 {[%clk 0:02:44]} 60. Rb8 {[%clk 0:42:54]} 1-0

[Event "EYCC 2024 - G14"]
[Site "?"]
[Date "2024.08.29"]
[Round "7.12"]
[White "Ulmer, Maya Vissing"]
[Black "Markina, Sofiia"]
[Result "0-1"]
[BlackElo "1864"]
[WhiteElo "1676"]
[LiveChessVersion "1.4.8"]

1. d4 {[%clk 1:30:58]} d5 {[%clk 1:30:55]} 2. c4 {[%clk 1:31:24]} c6
{[%clk 1:31:20]} 3. Nc3 {[%clk 1:31:39]} Nf6 {[%clk 1:31:42]} 4. Nf3
{[%clk 1:32:02]} dxc4 {[%clk 1:31:59]} 5. a4 {[%clk 1:32:23]} Bf5
{[%clk 1:32:03]} 6. Nh4 {[%clk 1:32:36]} Bg6 {[%clk 1:31:22]} 7. Nxg6
{[%clk 1:32:04]} hxg6 {[%clk 1:31:45]} 8. e4 {[%clk 1:32:03]} e6 {[%clk 1:30:09]}
9. Bxc4 {[%clk 1:29:15]} Bb4 {[%clk 1:28:58]} 10. Qd3 {[%clk 1:15:23]} Nbd7
{[%clk 1:25:15]} 11. O-O {[%clk 1:03:40]} Qc7 {[%clk 1:21:12]} 12. e5
{[%clk 0:59:28]} Ng4 {[%clk 1:17:06]} 13. h3 {[%clk 0:57:05]} Nh6
{[%clk 1:14:11]} 14. Ne4 {[%clk 0:54:09]} O-O-O {[%clk 1:12:11]} 15. Qb3
{[%clk 0:47:07]} a5 {[%clk 1:06:53]} 16. Be3 {[%clk 0:39:50]} Nf5
{[%clk 1:04:26]} 17. Rac1 {[%clk 0:26:20]} Nb6 {[%clk 0:57:37]} 18. Rfd1
{[%clk 0:21:53]} Kb8 {[%clk 0:52:23]} 19. Be2 {[%clk 0:18:48]} Nd5
{[%clk 0:48:56]} 20. Bc4 {[%clk 0:16:43]} Rh4 {[%clk 0:39:31]} 21. Ng5
{[%clk 0:14:59]} Ndxe3 {[%clk 0:36:24]} 22. fxe3 {[%clk 0:14:27]} Qe7
{[%clk 0:36:31]} 23. Nf3 {[%clk 0:13:21]} Re4 {[%clk 0:36:53]} 24. Rd3
{[%clk 0:12:29]} Rh8 {[%clk 0:32:40]} 25. Kf2 {[%clk 0:08:45]} Nh4
{[%clk 0:25:15]} 26. g3 {[%clk 0:02:07]} Nf5 {[%clk 0:15:44]} 27. h4
{[%clk 0:01:17]} g5 {[%clk 0:13:31]} 28. Nxg5 {[%clk 0:00:55]} Rg4
{[%clk 0:13:56]} 29. e4 {[%clk 0:00:37]} Rxg5 {[%clk 0:11:48]} 30. hxg5
{[%clk 0:00:36]} Qxg5 {[%clk 0:12:11]} 31. Rg1 {[%clk 0:00:36]} Nxd4
{[%clk 0:10:46]} 32. Rxd4 {[%clk 0:00:42]} Bc5 {[%clk 0:11:10]} 33. Qd3
{[%clk 0:00:42]} Qxe5 {[%clk 0:11:31]} 34. Rd1 {[%clk 0:00:31]} Rd8
{[%clk 0:11:53]} 35. Kf3 {[%clk 0:00:31]} Rxd4 {[%clk 0:11:48]} 36. Qc3
{[%clk 0:00:33]} Qxe4+ {[%clk 0:11:14]} 0-1

[Event "EYCC 2024 - G14"]
[Site "?"]
[Date "2024.08.29"]
[Round "7.13"]
[White "Castagnerol, Cerise"]
[Black "Lajdamik, Kinga"]
[Result "1-0"]
[BlackElo "1697"]
[WhiteElo "1845"]
[LiveChessVersion "1.4.8"]

1. d4 {[%clk 1:30:57]} d5 {[%clk 1:30:54]} 2. c4 {[%clk 1:31:09]} e5
{[%clk 1:31:17]} 3. dxe5 {[%clk 1:31:06]} d4 {[%clk 1:31:39]} 4. a3
{[%clk 1:30:55]} Nc6 {[%clk 1:31:18]} 5. Bf4 {[%clk 1:29:33]} Nge7
{[%clk 1:31:20]} 6. Nf3 {[%clk 1:22:07]} Ng6 {[%clk 1:31:31]} 7. Bg3
{[%clk 1:21:42]} Bg4 {[%clk 1:30:41]} 8. Nbd2 {[%clk 1:16:58]} Qd7
{[%clk 1:23:11]} 9. h3 {[%clk 1:10:57]} Bxf3 {[%clk 1:22:06]} 10. gxf3
{[%clk 1:04:37]} Ngxe5 {[%clk 1:14:02]} 11. f4 {[%clk 1:02:50]} Ng6
{[%clk 1:11:20]} 12. Bg2 {[%clk 1:01:21]} f5 {[%clk 1:06:28]} 13. Qb3
{[%clk 0:57:14]} Rb8 {[%clk 1:01:34]} 14. O-O {[%clk 0:54:51]} Be7
{[%clk 0:58:09]} 15. Bd5 {[%clk 0:49:35]} Na5 {[%clk 0:44:22]} 16. Qd3
{[%clk 0:45:42]} c6 {[%clk 0:44:17]} 17. Bg2 {[%clk 0:44:49]} b6 {[%clk 0:42:51]}
18. b4 {[%clk 0:43:51]} Nb7 {[%clk 0:43:16]} 19. Nb3 Bf6 {[%clk 0:35:00]} 20.
Rad1 {[%clk 0:41:52]} O-O {[%clk 0:29:33]} 21. Nxd4 {[%clk 0:40:39]} c5
{[%clk 0:22:51]} 22. Bd5+ {[%clk 0:37:04]} Kh8 {[%clk 0:23:10]} 23. Nxf5
{[%clk 0:32:37]} Bd8 {[%clk 0:21:05]} 24. e4 {[%clk 0:30:33]} Bc7
{[%clk 0:20:47]} 25. Qe3 {[%clk 0:29:39]} Qe8 {[%clk 0:20:32]} 26. Rd3
{[%clk 0:25:32]} cxb4 {[%clk 0:18:37]} 27. axb4 {[%clk 0:23:59]} Nd6
{[%clk 0:18:55]} 28. Nxg7 {[%clk 0:19:09]} Kxg7 {[%clk 0:15:56]} 29. Qd4+
{[%clk 0:18:59]} Kh6 {[%clk 0:14:40]} 30. f5 {[%clk 0:18:17]} Nxf5
{[%clk 0:11:59]} 31. exf5 {[%clk 0:17:59]} Bxg3 {[%clk 0:11:12]} 32. fxg3
{[%clk 0:17:42]} Ne7 {[%clk 0:11:33]} 33. Qh4+ {[%clk 0:16:41]} 1-0

[Event "EYCC 2024 - G14"]
[Site "?"]
[Date "2024.08.29"]
[Round "7.14"]
[White "Balazs, Szabina Zoe"]
[Black "Rudzinskaite, Ula"]
[Result "1/2-1/2"]
[BlackElo "1677"]
[WhiteElo "1818"]
[LiveChessVersion "1.4.8"]

1. e4 {[%clk 1:30:59]} e6 {[%clk 1:30:54]} 2. d4 {[%clk 1:31:24]} d5
{[%clk 1:31:19]} 3. e5 {[%clk 1:31:50]} c5 {[%clk 1:31:44]} 4. c3
{[%clk 1:32:16]} Nc6 {[%clk 1:32:08]} 5. Nf3 {[%clk 1:32:34]} Qb6
{[%clk 1:32:30]} 6. a3 {[%clk 1:32:33]} c4 {[%clk 1:32:43]} 7. Nbd2
{[%clk 1:32:01]} Bd7 {[%clk 1:33:03]} 8. Rb1 {[%clk 1:32:13]} Na5
{[%clk 1:32:56]} 9. b3 {[%clk 1:29:14]} cxb3 {[%clk 1:28:47]} 10. Nxb3
{[%clk 1:27:15]} Rc8 {[%clk 1:11:16]} 11. Nbd2 {[%clk 1:19:54]} Qc6
{[%clk 1:07:20]} 12. Bb5 {[%clk 1:08:37]} Qc7 {[%clk 0:50:05]} 13. Qa4
{[%clk 1:04:23]} Nc6 {[%clk 0:49:53]} 14. Bxc6 {[%clk 0:57:56]} Qxc6
{[%clk 0:50:00]} 15. Qxa7 {[%clk 0:55:17]} b5 {[%clk 0:49:32]} 16. a4
{[%clk 0:51:50]} bxa4 {[%clk 0:47:03]} 17. O-O {[%clk 0:50:06]} Be7
{[%clk 0:45:11]} 18. Rb7 {[%clk 0:44:45]} Bd8 {[%clk 0:35:10]} 19. Ba3
{[%clk 0:34:57]} Rc7 {[%clk 0:34:01]} 20. Rxc7 {[%clk 0:24:51]} Qxc7
{[%clk 0:34:08]} 21. Qxc7 {[%clk 0:25:15]} Bxc7 {[%clk 0:34:32]} 22. c4
{[%clk 0:25:36]} dxc4 {[%clk 0:32:39]} 23. Nxc4 {[%clk 0:26:01]} Bb5
{[%clk 0:32:34]} 24. Rc1 {[%clk 0:25:45]} Kd7 {[%clk 0:30:12]} 25. Nfd2
{[%clk 0:20:17]} Nh6 {[%clk 0:28:48]} 26. Ne4 {[%clk 0:19:38]} Nf5
{[%clk 0:26:57]} 27. Nc5+ {[%clk 0:16:34]} Kc6 {[%clk 0:20:55]} 28. Ne3
{[%clk 0:12:45]} Nxe3 {[%clk 0:17:58]} 29. fxe3 {[%clk 0:12:28]} Kb6
{[%clk 0:18:17]} 30. Rb1 {[%clk 0:11:04]} Ra8 {[%clk 0:18:13]} 31. e4 Ka5
{[%clk 0:13:14]} 32. Kf2 {[%clk 0:09:10]} Bc6 {[%clk 0:09:20]} 33. Bb4+
{[%clk 0:06:00]} Kb5 {[%clk 0:09:44]} 34. Ke3 {[%clk 0:06:13]} Kc4
{[%clk 0:09:31]} 35. Ba3 {[%clk 0:06:31]} Ba5 {[%clk 0:05:11]} 36. Rd1
{[%clk 0:02:46]} Rd8 {[%clk 0:04:55]} 37. Rc1+ {[%clk 0:02:37]} Kb5
{[%clk 0:05:20]} 38. Rb1+ {[%clk 0:00:47]} 1/2-1/2